000 00440nam a2200193Ia 4500
005 20240823025256.0
008 240823s9999||||xx |||||||||||||| ||und||
020 _a81-7656-310-2
041 _aENGLISH
082 _A005.276 Q0
100 _a"Bayross, Ivan"
245 0 _aPractical ASP
250 _a1st
260 _c2002
_bBPB PUBLIC
500 _aTRANSFERED
650 _aASP
_bComputer Science
942 _cBK
999 _c185930
_d185930